| 000 | 00729nam a22002297a 4500 | ||
|---|---|---|---|
| 005 | 20251108165034.0 | ||
| 008 | 250721s1984 xx 000 0 ara d | ||
| 082 | 1 | 4 | _a956.3/شتر |
| 100 | 1 | _aشترك، | |
| 245 | 1 | 0 | _aبغداد / |
| 264 | 1 |
_aبغداد : _bدار الكتاب اللبناني، _c1984. |
|
| 300 | _a163ص | ||
| 490 | 0 | _aكتب دائرة المعارف الإسلامية ؛15 | |
| 650 | 1 | 7 | _aتاريخ العراق |
| 650 | 1 | 7 | _aبغداد |
| 700 | 1 | _aالحسيني، عبد الرزاق | |
| 700 | 1 | _aالدوري، عبد العزيز | |
| 700 | 1 |
_aخورشيد، إبراهيم _eترجمة |
|
| 700 | 1 |
_aيونس، عبد الحميد _eترجمة |
|
| 942 |
_2ddc _cBK |
||
| 999 |
_c20610 _d20610 |
||